Indian Cities Sudden Death - Statistics

General Stats
  • This quiz has been taken 35 times
  • The average score is 10 of 12
Answers on the Grid
Answers color-coded by a green-red scale on the quiz's grid according to % correct below.
Dhaka
Kolkata
Karachi
Yangon
Katmandu
Delhi
Nagoya
Chennai
Mumbai
Islambadad
Bangalore
Bhutan
Hyderabad
Bangkok
Lhasa
Ahmedabad
Hanoi
Saigon
Naypyidaw
Jaipur
Jakarta
Bali
Surat
RAJ
Pune
Vichy
Udaipur
Varanasi
Hindibad
Vientiane
Phnom Penh
Kuala Lumpur
 
Answer Stats
Answer % Correct
Delhi
97%
Mumbai
97%
Jaipur
93%
Kolkata
93%
Hyderabad
87%
Varanasi
87%
Chennai
83%
Bangalore
80%
Ahmedabad
77%
Pune
73%
Surat
70%
Udaipur
70%
No matching quizzes found
Score Distribution
Percent of People with Each Score
Percentile by Number Answered
Your Score History
You have not taken this quiz